[Event "Calvia Amateur op 13th"]
[Site "Calvia"]
[Date "2016.10.14"]
[Round "7"]
[White "Jaumandreu Llopis, Antonio"]
[Black "Burkevica, Ilze"]
[Result "1/2-1/2"]
[WhiteElo "1497"]
[BlackElo "1794"]
[PlyCount "35"]
[EventDate "2016.10.08"]
[EventType "swiss"]
[EventRounds "9"]
[EventCountry "ESP"]
[SourceTitle "CBM 175 Extra"]
[Source "ChessBase"]
[SourceDate "2016.12.12"]
[SourceVersion "1"]
[SourceVersionDate "2016.12.12"]
[SourceQuality "1"]

1. e4 c5 2. Nf3 e6 3. d4 cxd4 4. Nxd4 a6 5. Nc3 d6 6. Bc4 Nf6 7. Bg5 Be7 8. 0-0 Qc7 9. Bd3 h6 10. Bh4 b5 11. Bxf6 Bxf6 12. Bxb5+ Bd7 13. Bxd7+ Nxd7 14. Nce2 Nc5 15. Ng3 Qb6 16. c3 0-0 17. Qc2 Nd7 18. Rad1 1/2-1/2